00905cam a2200133Ii 4500040001000000082002600010245009700036300006100133520046000194650002800654650001800682650001000700710006100710 cYDXCP a555 ROM 2016 A028 Or.00aSave and grow in practice :bmaize, rice, wheat : a guide to sustainable cereal production / ax, 109 pages :bcolor illustrations, color maps ;c26 cm aThis publication looks at the application of Save and Grow farming systems, practices, and technologies to the world's main food security crops -- maize, rice and wheat. It shows how eco-friendly farming innovations can help farmers meet future demand for those cereals while building resilience to climate change, conserving natural resources, reducing negative impacts on the environment, and enhancing natural capital and the flow of ecosystem services 0aSustainable agriculture 0aFood security 0aGrain2 aFood and Agriculture Organization of the United Nations,